00562 2200253 4500001002100000008004100021035002000062245005200082100001700134110000600151250000600157260003300163300001200196020001800208022000600226024000600232084001000238520000600248082000800254650002200262863000600284990000900290990000900299INLIS000000000000210 ind  a0010-0919000030 aAirlanggabDrama Dalam Tiga BabakcSanoesi Pane aSanoesi Pane a0 a1 aJakartabBalai Pustakac1994 a0c21cm a979-407-636-8 a0 a0 aWID d a0 a810 aSandiwara 3 babak a0 a2353 a2353